| 000 | 00608nam a2200145 a 4500 | ||
|---|---|---|---|
| 008 | 120416s1976 xx |||||||||||||| || u | ||
| 050 | _aNC 1001 Wes | ||
| 100 | _aWebster, Lari M | ||
| 245 | 1 | 0 | _aThink and do graphics |
| 246 | _aa graphic communication workbook | ||
| 260 | _c1976 | ||
| 350 | _a0.00 | ||
| 995 |
_aANNEX COLLECTION (Main Library) _D0.00 _e719445 _FCBU-MAIN LIBRARY (Kitwe) _H2 _I0.00 _jNC 1001 Wes _UAVAILABLE _y019046 _ZAnnex Low-Usage Collection |
||
| 995 |
_aBINDERY (DAMAGED) _D0.00 _e712117 _FCBU-MAIN LIBRARY (Kitwe) _H1 _I0.00 _jNC 1001 Wes _M2 _UDAMAGED _y019047 _ZMain Library Open Access Collection |
||
| 999 |
_c81296 _d81296 |
||